000 00288nam a22001337a 4500
008 170907b xxu||||| |||| 00| 0 eng d
020 _a037038012958
041 _aeng
080 _a721
100 _a41
101 _aNDI
245 _aBACKYARD BRICKWORK
_cLAWRENCE, M
942 _2udc
_cBK
999 _c26571
_d26571